000 00768nam a2200217Ia 4500
999 _c54572
_d54572
001 21638
003 GE_BSU
005 20211208162515.0
008 181216s1990||||ge |||||||||||||| ||geo||
040 _cGE_BSU
041 _ageo
080 _a811.353.1 გ-24
100 _aგაჩეჩილაძე, ოთარ
_913221
245 _aქართული ენა /
_cოთარ გაჩეჩილაძე ; რედ. ალ. ღლონტი.
264 _aთბილისი :
_bთბილ. უნ-ტის გამ-ბა,
_c1990.
300 _a383 გვ. ;
_c20 სმ.
541 _h4 ლ.
653 _aქართული ენა
700 _aღლონტი, ალ.
_eრედაქტორი
_91038
942 _cBK
_2udc